Online
Catalog

Problemas dominico-haitianos y del caribe / (Record no. 30521)

MARC details
000 -CABECERA
campo de control de longitud fija 01646nam a2200337 i 4500
001 - NÚMERO DE CONTROL
campo de control 000031029
003 - IDENTIFICADOR DEL NÚMERO DE CONTROL
campo de control DO-SdBNP
005 - FECHA Y HORA DE LA ÚLTIMA TRANSACCIÓN
campo de control 20260202091638.0
007 - CAMPO FIJO DE DESCRIPCIÓN FÍSICA--INFORMACIÓN GENERAL
campo de control de longitud fija ta
008 - DATOS DE LONGITUD FIJA--INFORMACIÓN GENERAL
campo de control de longitud fija 110610s1973 dr r 000 0 spa d
040 ## - FUENTE DE LA CATALOGACIÓN
Centro catalogador/agencia de origen DO-SdBNP
Lengua de catalogación spa
Centro/agencia transcriptor BNPHU
Normas de descripción rda
041 ## - CÓDIGO DE LENGUA
Código de lengua del texto/banda sonora o título independiente spa
082 #4 - NÚMERO DE LA CLASIFICACIÓN DECIMAL DEWEY
Número de clasificación xxx
Número de documento/Ítem xxx
Número de edición 22
245 00 - MENCIÓN DE TÍTULO
Título Problemas dominico-haitianos y del caribe /
Mención de responsabilidad, etc. Gérard Pierre-Charles ... [et al.].
264 #1 - PRODUCCIÓN, PUBLICACIÓN, DISTRIBUCIÓN, FABRICACIÓN Y COPYRIGHT
Producción, publicación, distribución, fabricación y copyright Mexico :
Nombre del de productor, editor, distribuidor, fabricante Universidad Nacional Autónoma de México,
Fecha de producción, publicación, distribución, fabricación o copyright 1973.
300 ## - DESCRIPCIÓN FÍSICA
Extensión 228 páginas ;
Dimensiones 23 cm.
336 ## - TIPO DE CONTENIDO
Término de tipo de contenido texto
Código de tipo de contenido txt
Fuente rdacontent
337 ## - TIPO DE MEDIO
Nombre/término del tipo de medio sin mediación
Código del tipo de medio n
Fuente rdamedia
338 ## - TIPO DE SOPORTE
Nombre/término del tipo de soporte volumen
Código del tipo de soporte nc
Fuente rdacarrier
490 1# - MENCIÓN DE SERIE
Mención de serie Facultad de Ciencias Políticas y Sociales
-- Serie Estudios
Designación de volumen o secuencia 29
505 0# - NOTA DE CONTENIDO CON FORMATO
Nota de contenido con formato Interpretación socioeconómica de Haití /
Mención de responsabilidad Pierre-Charles, G. --
Título Los "bosales" y el surgimiento de una cultura oprimida en Haití /
Mención de responsabilidad Casimir, J.--
Título Antihaitianismo e ideología del trujillato /
Mención de responsabilidad Franco, F. J.--
Título -El fenómeno racial en Haití y en la República Dominicana /
Mención de responsabilidad Tolentino, H. --
Título Mir, p. Acerca de las tentativas históricas de unificación de la Isla de Santo Domingo
-- Puerto Rico : sociedad colonial en el Caribe /
Mención de responsabilidad Maldonado-Denis, M.
590 ## - NOTA LOCAL (RLIN)
Nota local Inventariado, 2026/BT
700 1# - PUNTO DE ACCESO ADICIONAL--NOMBRE DE PERSONA
Nombre de persona Pierre-Charles, Gérard,
Término indicativo de función/relación autor
Código de función/relación aut.
9 (RLIN) 41080
700 1# - PUNTO DE ACCESO ADICIONAL--NOMBRE DE PERSONA
Nombre de persona Casimir, Jean,
Término indicativo de función/relación autor
Código de función/relación aut.
9 (RLIN) 88941
700 1# - PUNTO DE ACCESO ADICIONAL--NOMBRE DE PERSONA
Nombre de persona J. Franco, Franklin,
Término indicativo de función/relación autor
Código de función/relación aut.
9 (RLIN) 74306
700 1# - PUNTO DE ACCESO ADICIONAL--NOMBRE DE PERSONA
Nombre de persona Tolentino, Hugo,
Término indicativo de función/relación autor
Código de función/relación aut.
9 (RLIN) 53875
700 1# - PUNTO DE ACCESO ADICIONAL--NOMBRE DE PERSONA
Nombre de persona Mir, Pedro,
Término indicativo de función/relación autor
Código de función/relación aut.
9 (RLIN) 87278
700 1# - PUNTO DE ACCESO ADICIONAL--NOMBRE DE PERSONA
Nombre de persona Maldonado-Denis, Manuel,
Término indicativo de función/relación autor
Código de función/relación aut.
9 (RLIN) 8036
830 #0 - PUNTO DE ACCESO ADICIONAL DE SERIE-TÍTULO UNIFORME
Título uniforme Facultad de Ciencias Políticas y Sociales
Nombre de parte o sección de la obra Estudios
Designación de volumen o secuencia 29
9 (RLIN) 57521
942 ## - ELEMENTOS DE PUNTO DE ACCESO ADICIONAL (KOHA)
Fuente del sistema de clasificación o colocación Dewey Decimal Classification
Tipo de ítem Koha Libro
Holdings
Estado de retiro Estado de pérdida Fuente del sistema de clasificación o colocación Restricciones de uso No para préstamo Código de colección Localización permanente Ubicación/localización actual Ubicación en estantería Fecha de adquisición Total de préstamos Signatura topográfica completa Código de barras Fecha visto por última vez Precio válido a partir de Tipo de ítem Koha Fuente de adquisición Número de copia Nota pública
    Dewey Decimal Classification Excluido de préstamo   Patrimonio Dominicano Biblioteca Nacional Pedro Henríquez Ureña Biblioteca Nacional Pedro Henríquez Ureña En catalogación 10.06.2011   BNPHU PD 31029-10 25.06.2020 25.06.2020 Libro      
    Dewey Decimal Classification Excluido de préstamo   Patrimonio Dominicano Biblioteca Nacional Pedro Henríquez Ureña Biblioteca Nacional Pedro Henríquez Ureña En catalogación 29.05.2019   BNPHU PD 31029-20 25.06.2020 25.06.2020 Libro Donación e. 2 Perteneció a la biblioteca personal de George Latourde.
    Dewey Decimal Classification Préstamo en sala   Dominicana de Servicio Biblioteca Nacional Pedro Henríquez Ureña Biblioteca Nacional Pedro Henríquez Ureña En catalogación 02.02.2026   BNPHU DS 2026-0568 02.02.2026 02.02.2026 Libro Donado por la Presidencia de la República Dominicana 2023. e.3 Pertenecio a la biblioteca personal de Emilio Cordero Michel.

Powered by Koha